| 000 | 05353nam a2200301 a 4500 | ||
|---|---|---|---|
| 003 | OSt | ||
| 005 | 20251111103235.0 | ||
| 007 | cr ||||||a|c|a | ||
| 008 | 230517s2019 mx a|||fom||| 001 0 spa d | ||
| 040 | _erda | ||
| 100 | 1 |
_9187058 _aTéllez Sánchez, Carolina Cecilia |
|
| 245 | 1 |
_aDescripción y caracterización de dos variedades mejoradas nuevas de calabaza (Curcubita pepo L.) de semilla sin testa / _cpor Carolina Cecilia Téllez Sánchez; director de tesis Clemente Villanueva Verduzco. |
|
| 264 | 1 |
_aChapingo, México : _bEl autor, _c2019. |
|
| 300 |
_a1 recurso en línea (74 páginas): _bfiguras, cuadros. |
||
| 336 |
_2rdacontent _atexto _btxt |
||
| 337 |
_2rdamedia _acomputadora _bc |
||
| 338 |
_2rdacarrier _arecurso en línea _bcr |
||
| 502 |
_bIAEF _cFitotecnia _d2019. _gLIC |
||
| 504 | _aIncluye referencias bibliográficas: páginas 68-73. | ||
| 520 | _al presente estudio se realizó con la finalidad de generar información relacionada con la descripción y caracterización varietal de dos nuevos genotipos de calabaza (Cucurbita pepo L. cv. Lucy) y (Cucurbita pepo L. cv. Generosa) las cuales fueron desarrolladas en el programa de Mejoramiento Genético de la Universidad Autónoma Chapingo, dirigido por el Dr. Clemente Villanueva Verduzco, la caracterización de la variedad se llevó a cabo en el ciclo Primavera-Verano de 2016 en Chapingo, México, se emplearon los descriptores especificados en las directrices para la ejecución del examen de estabilidad, uniformidad y distinción de UPOV, mismo que es requerido por el Servicio Nacional de Inspección y Certificación de Semillas (SNICS) para el registro de una nueva variedad. Las características de la variedad “Lucy” fueron: Habito de crecimiento arbustivo con ramificación presente; color de tallo completamente verde, jaspeado y con zarcillos bien desarrollados; tamaño de limbo grande con niscomes, intensidad oscura del color verde en el limbo, con ausencia de manchas plateadas en él, longitud del peciolo es media, con alta presencia de espinas, la flor femenina presenta anillo en la parte interna de la corola, siendo este de color verde con intensidad media de color; presencia de anillo en la parte interna de la corola de la flor masculina, siendo este de color verde y con una intensidad media de color; la forma general del fruto joven globular, color de la epidermis verde e intensidad del color oscura, la forma general del futo es globular, con extremo distal redondeado, sin acanaladuras y protuberancias del acostillado débiles, el color principal de la epidermis es medio, y el color del acostillado en relación con el color principal de la epidermis es el mismo, hay presencia de lunares de tamaño pequeño, ausencia de verrugas en la epidermis, tamaño de la cicatriz florar de tamaño pequeño, longitud del peciolo es medio, de color verde y jaspeado; el color de la epidermis del fruto maduro es verde, con intensidad del color oscuro, el color de la pulpa es amarillo, con corteza lignificada y estructura de la pulpa fibrosa; el tamaño de la semilla es mediano, de forma elíptica y con cascara ausente. Las características de la variedad “Generosa” fueron: Porte de la planta arbustivo, con presencia de ramificaciones; con tallos color verde con intensidad de color medio en su mayoría, jaspeados y con zarcillos bien desarrollados; el tamaño del limbo en su mayoría va de grande a muy grande, con incisiones con profundidad media, intensidad oscura del color en el haz, ausencia de manchas plateadas; longitud de peciolo medio, y alta presencia de espina; presencia de anillo en parte interna de la corola, de color verde y con intensidad media de color en la flor femenina; presencia de anillo en la parte interna de la corola, color verde y con intensidad de color fuerte en la flor masculina; color de la epidermis del fruto joven color verde con intensidad de color medio; forma general del fruto elíptica ancha, de tamaño medio, acanaladuras ausentes y protuberancia del acostillado medio, color principal de la epidermis en verde, color del acostillado en relación con el color principal de la epidermis es el mismo, presencia de lunares pequeños, ausencia del verrugas en la epidermis, tamaño de la cicatriz floral pequeña, longitud del pedúnculo corto, color del pedúnculo verde, de intensidad media y jaspeado; el color de la epidermis en el fruto maduro es verde, color de pulpa amarillo, estructura de la pulpa fibrosa y corteza lignificada: el tamaño de la semilla es mediano, de forma elíptica y cascara ausente. La variedad “Lucy” mostro 39 de sus 52 caracteres con frecuencias del 100%. La variedad “Generosa” mostro 31 de sus 52 caracteres con frecuencias del 100 % y 6 más arriba del 85 %. Con el análisis de resultados realizado se puede afirmar que las variedades “Lucy” y “Generosa” son distintas, homogéneas y estables. Por lo que su registro ante en SNICS es factible. | ||
| 650 | 7 |
_917274 _aCalabaza _xGenética |
|
| 650 | 7 |
_917283 _aCalabaza _xMejoramiento |
|
| 650 | 7 |
_917301 _aCalabaza _xVariedades |
|
| 650 | 4 |
_9103881 _aSemillas _xCalidad |
|
| 700 | 1 |
_aVillanueva Verduzco, Clemente _edirector. _9119524 |
|
| 856 |
_uhttp://10.13.5.2/tesis/tl/Tellez_Sanchez_Carolina_Cecilia.pdf _zDESCARGAR PDF |
||
| 942 |
_2Clasificación Universidad Autónoma Chapingo _cTD |
||
| 999 |
_c218768 _d218768 |
||